000 00908nam0a22002651 4500
001 RU\INFOCOMM_322\NLR\5000179015
005 20250613110615.0
035 _a(NLR Aleph) 009569348
090 _a9119408
_c9119408
100 _a20130215d1920 |||y0rusy50 ca
101 0 _aeng
102 _aRU
105 _ay z |||||
200 1 _aWhy I side with the social revolution
_fBy René Marchand ...
210 _aPetrograd
_cCommunist International
_d1920
215 _a85 с.
_d19 см
606 0 _aВеликая Октябрьская социалистическая революция
_z1917
_9912483
_3RU\NLR\AUTH\6613825
607 _aСССР
_xОтзывы иностранцев
_z1918-1920
_2nlr_sh1
620 _aСанкт-Петербург
700 1 _aMarchand
_bR.
_gRené
801 1 _aRU
_bInfocomm
_c20130215
801 0 _aRU
_bINFOCOMM
_gPSBO
852 _aNLR
_jС8/192
942 _cBOOK
980 _aNB